[Event "IECG CC.2005.0.00117 email"]
[Site "IECG email"]
[Date "2005.06.04"]
[Round "?"]
[White "Obando, Daniel"]
[Black "Borrell, Robert"]
[Result "1/2-1/2"]
[WhiteElo "1600"]
[BlackElo "1618"]
[PlyCount "60"]
[EventDate "2005.06.04"]
[EventType "tourn (corr)"]
[EventRounds "6"]
[SourceTitle "Corr 2008"]
[Source "ChessBase"]
[SourceDate "2008.06.24"]
[SourceVersion "1"]
[SourceVersionDate "2008.06.24"]
[SourceQuality "1"]

1. e4 e5 2. Nf3 Nf6 3. d3 Bc5 4. Nxe5 d6 5. Nf3 Nc6 6. Be2 d5 7. exd5 Qxd5 8. Nc3 Qd8 9. 0-0 0-0 10. Be3 Bxe3 11. fxe3 Ng4 12. Qd2 Re8 13. e4 Nd4 14. Bd1 Qd6 15. g3 Be6 16. Rb1 Rad8 17. Kh1 c5 18. Nxd4 cxd4 19. Bxg4 Bxg4 20. Nd5 Be6 21. Nf4 Bd7 22. Rbe1 Re5 23. Kg1 a6 24. Rf2 f5 25. exf5 Rxf5 26. Ref1 Bc6 27. Re1 Rdf8 28. Ref1 Rd8 29. Re1 Rdf8 30. Ref1 Rd8 1/2-1/2

[Event "IECG QC.2005.0.00065 email"]
[Site "IECG email"]
[Date "2005.05.19"]
[Round "?"]
[White "Borrell, Robert"]
[Black "Kraft, Peter"]
[Result "0-1"]
[WhiteElo "1618"]
[BlackElo "1725"]
[PlyCount "103"]
[EventDate "2005.05.05"]
[EventType "tourn (corr)"]
[EventRounds "2"]
[SourceTitle "Corr 2008"]
[Source "ChessBase"]
[SourceDate "2008.06.24"]
[SourceVersion "1"]
[SourceVersionDate "2008.06.24"]
[SourceQuality "1"]

1. e4 c5 2. Nf3 d6 3. d4 cxd4 4. Nxd4 Nf6 5. Nc3 a6 6. Bg5 Nc6 7. Qd2 e6 8. 0-0-0 h6 9. Be3 Be7 10. f3 Nxd4 11. Bxd4 b5 12. Kb1 0-0 13. h4 b4 14. Na4 e5 15. Be3 Rb8 16. Qf2 Be6 17. Nb6 h5 18. Bc4 Qc7 19. Bb3 a5 20. g4 hxg4 21. h5 gxf3 22. h6 g6 23. Nd5 Nxd5 24. h7+ Kh8 25. Bxd5 Bxd5 26. Rxd5 f5 27. Qxf3 f4 28. Bc1 Rfc8 29. Rd2 g5 30. b3 a4 31. Qg4 axb3 32. axb3 Ra8 33. Bb2 Rf8 34. Rh6 Rf7 35. Qe6 Rg7 36. Rg6 Qc8 37. Rxd6 Qxe6 38. Rdxe6 Rxg6 39. Rxg6 Kxh7 40. Re6 Ra7 41. Rxe5 Bf6 42. Rf5 Bxb2 43. Kxb2 Kg6 44. Rf8 Re7 45. c3 Rxe4 46. cxb4 Rxb4 47. Kc3 Rb5 48. b4 Rf5 49. Rxf5 Kxf5 50. b5 Ke5 51. b6 Kd6 52. b7 0-1

[Event "CFriend SI-2004-0-00034 email"]
[Site "Chessfriend.com"]
[Date "2005.05.12"]
[Round "1"]
[White "Borrell, Robert"]
[Black "Evans, Ricky"]
[Result "1/2-1/2"]
[WhiteElo "1910"]
[BlackElo "1830"]
[PlyCount "65"]
[EventDate "2005.05.15"]
[EventType "tourn (corr)"]
[EventRounds "6"]
[SourceTitle "Corr 2008"]
[Source "ChessBase"]
[SourceDate "2008.06.24"]
[SourceVersion "1"]
[SourceVersionDate "2008.06.24"]
[SourceQuality "1"]

1. e4 g6 2. d4 Bg7 3. Nc3 c6 4. Bc4 d6 5. Nf3 Nf6 6. a4 0-0 7. Bf4 d5 8. Bd3 Bg4 9. e5 Nh5 10. Be3 f6 11. Be2 Nd7 12. exf6 Bxf6 13. 0-0 Qc7 14. Nd2 Bxe2 15. Nxe2 e5 16. c4 dxc4 17. Nxc4 exd4 18. Nxd4 Ng7 19. Qb3 Nc5 20. Qa3 Nge6 21. Rad1 Rfd8 22. Nxe6 Nxe6 23. Rxd8+ Qxd8 24. Qb3 Qe7 25. Na5 Qf7 26. Rd1 Rd8 27. Rxd8+ Nxd8 28. Qxf7+ Kxf7 29. Bxa7 b5 30. axb5 cxb5 31. b4 Ke6 32. Be3 Bc3 33. Bb6 1/2-1/2

[Event "CFriend SI-2004-0-00034 email"]
[Site "Chessfriend.com"]
[Date "2005.05.12"]
[Round "1"]
[White "Borrell, Robert"]
[Black "Grinwis, Jaap"]
[Result "1/2-1/2"]
[WhiteElo "1910"]
[BlackElo "1977"]
[PlyCount "107"]
[EventDate "2005.05.15"]
[EventType "tourn (corr)"]
[EventRounds "6"]
[SourceTitle "Corr 2008"]
[Source "ChessBase"]
[SourceDate "2008.06.24"]
[SourceVersion "1"]
[SourceVersionDate "2008.06.24"]
[SourceQuality "1"]

1. e4 c5 2. Nf3 Nc6 3. d4 cxd4 4. Nxd4 Nf6 5. Nc3 e5 6. Ndb5 d6 7. Bg5 a6 8. Bxf6 gxf6 9. Na3 b5 10. Nd5 f5 11. exf5 Bxf5 12. c3 Bg7 13. Nc2 0-0 14. Nce3 Be6 15. Bd3 f5 16. Qh5 e4 17. Bc2 Ne7 18. Nf4 Bf7 19. Bb3 d5 20. Qg5 Ng6 21. Qxd8 Rfxd8 22. Nexd5 Nxf4 23. Nxf4 b4 24. Ne6 Bxe6 25. Bxe6+ Kh8 26. cxb4 Bxb2 27. Rd1 f4 28. Bf5 Rab8 29. Rxd8+ Rxd8 30. Bxe4 Rd4 31. Bb1 Rxb4 32. Ke2 Bd4 33. Kf3 Rb2 34. Kxf4 Rxf2+ 35. Ke4 Bf6 36. g3 Kg7 37. h3 h5 38. Rd1 Rh2 39. Rd7+ Kf8 40. Rd6 Ke7 41. Rxa6 Rxh3 42. Kf4 Rh1 43. Bc2 h4 44. gxh4 Rxh4+ 45. Kf3 Rh3+ 46. Ke4 Rh4+ 47. Kd5 Rh5+ 48. Kc4 Rh4+ 49. Kb5 Rh5+ 50. Kb4 Rh4+ 51. Ka5 Rh5+ 52. Ka4 Rh4+ 53. Ka3 Rh6 54. Ra5 1/2-1/2

[Event "CFriend SI-2004-0-00034 email"]
[Site "Chessfriend.com"]
[Date "2005.05.12"]
[Round "1"]
[White "Norman, Nigel"]
[Black "Borrell, Robert"]
[Result "1/2-1/2"]
[WhiteElo "1909"]
[BlackElo "1910"]
[PlyCount "41"]
[EventDate "2005.05.15"]
[EventType "tourn (corr)"]
[EventRounds "6"]
[SourceTitle "Corr 2008"]
[Source "ChessBase"]
[SourceDate "2008.06.24"]
[SourceVersion "1"]
[SourceVersionDate "2008.06.24"]
[SourceQuality "1"]

1. e4 e5 2. Nc3 Nf6 3. f4 d5 4. fxe5 Nxe4 5. Nf3 Nc6 6. Bb5 Bb4 7. Qe2 Bf5 8. Nd1 0-0 9. c3 Be7 10. 0-0 Bg6 11. d3 Nc5 12. d4 Ne6 13. Nf2 Qd7 14. Be3 a6 15. Bd3 f5 16. exf6 Bxd3 17. Nxd3 Rxf6 18. Nde5 Nxe5 19. Nxe5 Qb5 20. Qxb5 axb5 21. a3 1/2-1/2